Ирон æвзаг амоныны методикæ (Запись № 11743532)

Подробности
000 -МАРКЕР
контрольное поле 01961nam0a2200349 4500
001 - ИДЕНТИФИКАТОР ЗАПИСИ
контрольное поле RU\NLR\BIBL_A\012404749
005 - ИДЕНТИФИКАТОР ВЕРСИИ
контрольное поле 20260421170921.0
010 ## - МЕЖДУНАРОДНЫЙ СТАНДАРТНЫЙ НОМЕР КНИГИ (ISBN)
Номер (ISBN) 978-5-8336-1032-9
Тираж 300
021 ## - НОМЕР ГОСУДАРСТВЕННОЙ РЕГИСТРАЦИИ
Код страны Российская Федерация
Номер КН-П-20-039440
Номер Листа государственной регистраци КН-П-20-2985
035 ## - ДРУГИЕ СИСТЕМНЫЕ НОМЕРА
Идентификатор записи (NLR Aleph) 012404749
100 ## - ДАННЫЕ ОБЩЕЙ ОБРАБОТКИ
Данные общей обработки 20201116d2020 e y0rusy50 ca
101 0# - ЯЗЫК РЕСУРСА
Язык текста, звукозаписи и т.д. дигорский, осетинский
102 ## - СТРАНА ПУБЛИКАЦИИ ИЛИ ПРОИЗВОДСТВА
Страна публикации Российская Федерация
105 ## - ПОЛЕ КОДИРОВАННЫХ ДАННЫХ: ТЕКСТОВЫЕ МАТЕРИАЛЫ, МОНОГРАФИЧЕСКИЕ
Кодированные данные о монографическом текстовом документе y j 000 y
181 #0 - ПОЛЕ КОДИРОВАННЫХ ДАННЫХ: ВИД СОДЕРЖАНИЯ
Код вида содержания (ISBD) i
Код характеристики содержания (ISBD) axxe
182 #0 - ПОЛЕ КОДИРОВАННЫХ ДАННЫХ: ТИП СРЕДСТВА
Код типа средства (ISBD) n - непосредственное
200 1# - ЗАГЛАВИЕ И СВЕДЕНИЯ ОБ ОТВЕТСТВЕННОСТИ
Основное заглавие Ирон æвзаг амоныны методикæ
Первые сведения об ответственности Куыдзойты А. Ф., Майрæмыхъуаты Ф. А.
Последующие сведения об ответственности Уæлдæр ахуырады Федералон Паддзахадон бюджетон ахуырадон уагдон "Цæгаи Ирыстоны Хетагаты Костайы номыл Паддзахон ун-т"
203 ## - ВИД СОДЕРЖАНИЯ И ТИП СРЕДСТВА
Вид содержания Текст
Дополнительные сведения об издании визуальный
Тип средства непосредственный
210 ## - ПУБЛИКАЦИЯ, РАСПРОСТРАНЕНИЕ И ДР.
Место издания, распространения и т.д. Дзæуджыхъæу
Имя издателя, распространителя и т. д. Изд.-полигр. центр Северо-Осетин. гос. ун-та им. К. Л. Хетагурова
Дата издания, распространения и т.д. 2020
215 ## - ФИЗИЧЕСКАЯ ХАРАКТЕРИСТИКА
Специфическое обозначение материала и объем 159 с.
Другие сведения о физической характеристике табл.
Размеры 21
541 1# - ПЕРЕВОД ЗАГЛАВИЯ, СДЕЛАННЫЙ КАТАЛОГИЗАТОРОМ
Связь между полями z01790
Заглавие Методика преподавания осетнского языка
Сведения, относящиеся к заглавию учеб. пособие
Язык заглавия русский
606 1# - НАИМЕНОВАНИЕ ТЕМЫ КАК ПРЕДМЕТ
Наименование темы Осетинский язык
Тематический подзаголовок Преподавание
-- Средняя школа
Формальный подзаголовок Учебные издания для высших учебных заведений
Код системы sh-onl
Идентификатор авторитетной/нормативной записи RU\NLR\auth-onl\66339
686 1# - ИНДЕКСЫ ДРУГИХ КЛАССИФИКАЦИЙ
Индекс Ч426.151 я73
700 #1 - ИМЯ ЛИЦА - ПЕРВИЧНАЯ ОТВЕТСТВЕННОСТЬ
Начальный элемент ввода Куыдзойты
Часть имени, кроме начального элемента ввода А.
Расширение инициалов личного имени Анжелӕ
Код отношения Автор
701 #1 - ИМЯ ЛИЦА - АЛЬТЕРНАТИВНАЯ ОТВЕТСТВЕННОСТЬ
Начальный элемент ввода Майрамукаева
Часть имени, кроме начального элемента ввода Ф. А.
Даты 1961-
Расширение инициалов личного имени Фатима Ахполатовна
Идентификатор авторитетной/нормативной записи RU\NLR\AUTH\770292633
Код отношения Автор
790 #1 - ИМЯ ЛИЦА - АЛЬТЕРНАТИВНАЯ ФОРМА
Связь между полями z01541
Начальный элемент ввода Кудзоева
Часть имени, кроме начального элемента ввода А. Ф.
Расширение инициалов личного имени Анжела Федоровна
Код отношения Автор
790 #1 - ИМЯ ЛИЦА - АЛЬТЕРНАТИВНАЯ ФОРМА
Начальный элемент ввода Майрамукаева
Часть имени, кроме начального элемента ввода Ф. А.
Даты 1961-
Расширение инициалов личного имени Фатима Ахполатовна
Идентификатор авторитетной/нормативной записи RU\NLR\AUTH\770292633
Код отношения Автор
852 ## - МЕСТОНАХОЖДЕНИЕ И ШИФР ХРАНЕНИЯ
Идентификатор организации NLR
Наименование фонда или коллекции (Sub-Location Identifier) ОНЛ
Шифр хранения (Call Number) Осет./3-2581
942 ## - ДОПОЛНИТЕЛЬНЫЕ ЭЛЕМЕНТЫ ЗАПИСИ (АБИС)
Тип экземпляра АБИС Книга
980 ## - КОЛЛЕКЦИЯ
Название коллекции Национальная библиография
Экземпляры
Тип экземпляра Дата поступления Источник поступления Библиотека постоянного хранения Библиотека текущего хранения Место хранения Шифр хранения Штрих-код Статус экземпляра
Книга 16.11.2020 Обязательный экземпляр РНБ (Московский) РНБ (Московский) Фонд национальных литератур ОНЛ Осет./3-2581 1-2425915